000 00765nam a2200229 a 4500
001 64324
003 BD-RjUL
005 20211209081307.0
008 170213s1994 bg |||| ||| 000 0 ben d
020 _c: Tk. 20.00
035 _a(BD-RjUL)64454
040 _aBD-RjUL
_bben
_cBD-RjUL
_dBD-RjUL
041 _aben
082 _223
_a891.442
_bBRA 1994
100 _aব্রহ্ম, তৃপ্তি
_9186143
245 1 0 _aঅধীন লালন বলে..... /
_cতৃপ্তি ব্রহ্ম
260 _aকুষ্টিয়া :
_bদরবেশ হাফিজ,
_c১৯৯৪
300 _a৬৪ পৃ. ;
_c২১ সেমি.
650 _aবাংলা নাটক
_9145546
650 _aBengali Drama
_9145547
942 _2ddc
_cBK
999 _c64324
_d64324